Alle Städte in NRW nach Buchstabe - N - Statistiken

Allgemein
  • Dieses Quiz wurde 119 mal gespielt
  • Das Durchschnittsergebnis liegt bei 10 aus 20
Antworten auf der Karte
Die Antworten werden auf der Karte rot bzw. grün angezeigt, abhängig davon wie oft sie richtig erraten wurden.
 
Antwortstatistiken
Name % Korrekt
Neuss
91%
Niederkassel
61%
Neunkirchen
60%
Nettetal
57%
Neukirchen-Vluyn
56%
Nümbrecht
54%
Nottuln
52%
Niederkrüchten
51%
Nörvenich
49%
Netphen
46%
Neuenkirchen
46%
Neuenrade
44%
Niederzier
43%
Neunkirchen-Seelscheid
41%
Nettersheim
38%
Nordkirchen
38%
Nideggen
34%
Nordwalde
33%
Nieheim
30%
Nachrodt-Wiblingwerde
29%
Keine übereinstimmenden Quizze gefunden
Verteilung der Resultate
Anzahl Personen mit jedem Resultat
Perzentil nach korrekt beantworteten Fragen
Ihre Resultats-Entwicklung
Sie haben dieses Quiz noch nicht gespielt